Taylor Swift - Devine la chanson sans indices #37 - Statistiques

Statistiques générales
  • Ce quiz a été pris 291 fois
  • Le résultat moyen est 189 sur 320
Statistiques - réponses
Réponse % Correct
I
98%
you
97%
you,
97%
A
96%
a
96%
the
94%
The
94%
love
92%
(oh)
92%
me,
88%
me
88%
me)
88%
to
86%
your
85%
Your
85%
When
83%
and
81%
And
81%
in
80%
In
80%
on
80%
for
78%
I'm
78%
so
78%
you're
78%
of
75%
is
74%
that
74%
But
72%
It's
72%
No
70%
are
68%
can
68%
they
68%
We're
67%
like
65%
Like
65%
all
64%
All
64%
(all
64%
loved
64%
one
60%
say
60%
not
59%
think
57%
why
57%
I've
56%
before
55%
girls
54%
mine
54%
time
53%
know
50%
how
49%
Now
49%
now
49%
Made
48%
made
48%
more
48%
up
48%
up,
48%
with
47%
Every
46%
out
46%
just
45%
some
45%
need
44%
need)
44%
way
43%
"Baby"
41%
call
41%
fallen
41%
here
40%
nights
40%
good
39%
thankful
38%
late
36%
end
35%
street
35%
street)
35%
knew
34%
over
34%
forever
33%
heart
33%
there's
33%
dead
32%
(dead
32%
name
29%
phone
29%
remember
29%
straight
29%
(straight
29%
alone
28%
someone
28%
into
27%
wanna
27%
goodbye
26%
Led
26%
feelin'
25%
hands,
25%
cannot
24%
mornin'
24%
Wake
24%
brought
23%
Cryin'
23%
everything
23%
feels
23%
around
22%
dude
22%
home,
22%
kind
22%
Treat
22%
woman
22%
amazing
21%
bathroom
21%
lady
21%
Leave
21%
lines
21%
mother
21%
past
21%
sayin'
21%
teach
21%
town
21%
Whose
21%
without
21%
parallel
20%
Stars
20%
taught
20%
Fake
19%
Teenage
19%
drawn
18%
fights
18%
handwriting,
18%
intertwined
18%
Lame
18%
loyal
18%
makin'
18%
aligned
17%
breakin'
17%
killin'
17%
one's
17%
sixteen
17%
someone's
17%
wild
17%
Secret
16%
sneakin'
16%
Holdin'
15%
makeup
15%
jokes
14%
Aucun quiz correspondant
Distribution des résultats
% des personnes avec chaque résultat
Percentile par nombre de réponses
Votre historique - résultats
Vous n’avez pas pris ce quiz